000 00206nam a22000857a 4500
008 160708b xxu||||| |||| 00| 0 eng d
100 _92455
_aOm Kidz
245 _aBhagat Singh
260 _aNew Delhi
_bOm Kidz
_c2012
999 _c2126
_d2126